000 00499cam a2200145 4500500
005 20260405001400.0
041 _afre
042 _adc
100 1 0 _aCampana, Marie-Noëlle
_eauthor
245 0 0 _aVincent Borel , Antoine et Isabelle , Ed. Sabine Wespieser, 2010, 492 pages, 24 €
260 _c2010.
500 _a28
786 0 _nÉtudes | Tom 413 | 11 | 2010-10-29 | p. VII-VII | 0014-1941
856 4 1 _uhttps://shs.cairn.info/revue-etudes-2010-11-page-VII?lang=fr&redirect-ssocas=7080
999 _c2047054
_d2047054